Bytový dom

Na minha lista:
Detalhes bibliográficos
Autor principal: Kociková, Natália (Author)
Outros Autores: Menďan, Rastislav (Thesis advisor)
Formato: Manuscrito Livro
Idioma:eslovaco
Publicado em: 2025
Assuntos:
Acesso em linha:http://is.stuba.sk/zp/portal_zp.pl?podrobnosti=169100
CRZP
Tags: Adicionar Tag
Sem tags, seja o primeiro a adicionar uma tag!

MARC

LEADER 00000ntm a22000003a 4500
001 stuzp105429
003 SK-STU
005 20250725111353.3
007 ta
008 150427s2015----xo-----f-mn---000-0-slo-d
040 |a STU  |b slo 
041 0 |a slo 
100 1 |a Kociková, Natália  |u 010180  |4 aut  |U SvF Stavebná fakulta  |T SvF Katedra konštrukcií pozemných stavieb  |X 116339  |U V180  |Y 18  |7 116339 
242 0 1 |a Residetial building  |y eng 
245 1 0 |a Bytový dom 
260 |c 2025 
650 4 |a Realizačný projekt  |2 slo 
650 4 |a Technická dokumentácia  |2 slo 
650 4 |a Bytový dom  |2 slo 
650 4 |a Construction project  |2 eng 
650 4 |a Technical documentation  |2 eng 
650 4 |a Residential building  |2 eng 
700 1 |a Menďan, Rastislav  |u 010180  |k Z1  |4 ths  |U SvF Stavebná fakulta  |T SvF Katedra konštrukcií pozemných stavieb  |X 776  |U V180  |Y 18  |7 A000000776 
856 4 |u http://is.stuba.sk/zp/portal_zp.pl?podrobnosti=169100 
856 4 |u https://opac.crzp.sk/?fn=detailBiblioForm&sid=C9A1C75A261DD259F988411E26A3  |z CRZP